2001 population census main report

Saved in:
Bibliographic Details
Format: Book
Language:English
Chinese
Published: Hong Kong Census and Statistics Department 2001
Subjects:
Tags: Add Tag
No Tags, Be the first to tag this record!

MARC

LEADER 00000nam a2200000 4500
001 c141120
005 20221124104236.5
041 0 |a eng 
041 0 |a chi 
044 |a HK 
245 1 0 |a 2001 population census  |b main report 
264 1 |a Hong Kong  |b Census and Statistics Department  |c 2001 
300 |a 199 s. 
610 2 0 |a populácia 
610 2 0 |a demografia 
610 2 0 |a sčítanie ľudu 
610 2 0 |a plánovanie 
610 2 0 |a dáta 
610 2 0 |a koncepcie 
610 2 0 |a štatistika 
610 2 0 |a metódy 
610 2 0 |a spracovanie dát 
610 2 0 |a Hongkong 
610 2 0 |a 2001